Altfranzösisches Schäferlied

Titel: Altfranzösisches Schäferlied : Anfang des 18. Jahrh. / Satz von Kamillo Horn
Verfasser:
Ausgabe: Klavierpartitur
Veröffentlicht: München : Callwey, [ca. 1900]
Umfang: 2 S.
Format: Noten
Sprache: Deutsch
Schriftenreihe/
mehrbändiges Werk:
Der Kunstwart. Beilage
Kein Bild verfügbar
X
alg: 5652786
001A    $03004:25-03-98 
001B    $01999:18-04-18 $t00:48:16.000 
001D    $09999:99-99-99 
001U    $0utf8 
001X    $00 
002@    $0Mau 
003@    $0056527861 
003O    $0174302441 $aOCoLC 
007A    $0056527861 $aHEB 
010@    $ager 
011@    $a1900 $n[ca. 1900] 
013H    $0m 
021A    $aAltfranzösisches Schäferlied $dAnfang des 18. Jahrh. $hSatz von Kamillo Horn 
028A    $#Horn, Kamillo $7 $8Horn, Camillo [Tnd] $9139172440 
032@    $aKlavierpartitur 
033A    $pMünchen $nCallwey 
034D    $a2 S. 
036G    $aDer @Kunstwart. Beilage 
037B    $aFür Gsg. und Klavier 

lok: 5652786 24

exp: 5652786 24 1 #EPN
201B/01 $019-12-02 $t09:13:18.862 
201C/01 $025-03-98 
203@/01 $0120521008 
208@/01 $a25-03-98 $bz 
209A/01 $aM 25 IX hor VII C 4,1 $du $f050 $hM 25 9 HOR 7 C 4 1 $x00 
209C/01 $a18681 
209G/01 $a70273845 $x00 
247C/01 $8358050-7 Marburg, Bibliothek des Herder-Instituts Marburg $9102600961 
201U/01 $0utf8
LEADER 00000ccm a2200000 c 4500
001 056527861
003 DE-603
005 20180418004816.0
007 q|
008 980325s1900 xx |||||||||||||||||ger c
035 |a (DE-599)HEB056527861 
035 |a (OCoLC)174302441 
040 |a DE-603  |b ger  |c DE-603  |d DE-603 
041 |a ger 
100 1 |a Horn, Camillo  |0 (DE-603)139172440 
245 0 0 |a Altfranzösisches Schäferlied  |b Anfang des 18. Jahrh.  |c Satz von Kamillo Horn 
250 |a Klavierpartitur 
264 1 |a München  |b Callwey  |c [ca. 1900] 
300 |a 2 S. 
490 0 |a ˜Derœ Kunstwart. Beilage 
500 |a Für Gsg. und Klavier 
924 0 |9 Mb 50  |a (DE-603)120521008  |b DE-Mb50  |c HES  |d c  |g M 25 IX hor VII C 4,1